Unkraut in zuckerruben

Guardat en:
Dades bibliogràfiques
Format: Llibre
Idioma:anglès
espanyol
Publicat: Berlín Hoechst Schering AgrEvo GmbH 1995
Matèries:
Etiquetes: Afegir etiqueta
Sense etiquetes, Sigues el primer a etiquetar aquest registre!

MARC

LEADER 00000nam a2200000 a 4500
001 UCR5147
003 CL-VaPUC
008 980320e19950000GW |||||||||||||||||eng|d
041 0 7 |a eng  |2 CL-VaPUC 
041 0 7 |a spa  |2 CL-VaPUC 
082 0 4 |a 635.11  |b UNK  |2 21 
245 1 0 |a Unkraut in zuckerruben 
246 1 0 |a Weeds in suger beet 
246 1 0 |a Mauvaises herbes dans les betteraves sucrieres 
246 1 0 |a Malas hierbas en remolcha azucarera 
300 |a 432 p 
942 |c BK 
945 |d 19980320 00:00:00  |a rleighto 
260 |a Berlín  |b Hoechst Schering AgrEvo GmbH  |c 1995 
650 0 |a Remolacha azucarera  |9 405818 
650 0 |a Malezas  |9 264171 
650 0 |a Control de malezas  |9 259684 
650 0 |a Herbicidas  |9 393022 
583 |a last modification  |c 19980320 00:00:00  |k Rodrigo Vera 
999 |c 267871  |d 267869 
952 |0 0  |1 0  |4 0  |6 635_110000000000000_UNK_1995  |7 0  |8 A  |9 300643  |a BIBAGR  |b BIBAGR  |d 2019-11-20  |i 3401367  |o 635.11 UNK 1995  |p 3401367  |r 2025-01-20  |w 2019-11-20  |y BK  |k AGR